| 000 | 01572nam a22002297a 4500 | ||
|---|---|---|---|
| 999 |
_c59962 _d59962 |
||
| 003 | Ge_BSU | ||
| 005 | 20230524155032.0 | ||
| 008 | 230524s2017 ge ||||| |||| 00| 0 geo d | ||
| 020 | _a9789941253485 | ||
| 041 | _ageo | ||
| 080 | _a94(479.22) დ-91 | ||
| 100 |
_aდუნდუა, თედო _93483 |
||
| 245 |
_aსაქართველოს უძველესი და ძველი ისტორიის ნარკვევები : _b[მონოგრაფია] / _cთედო დუნდუა; ივანე ჯავახიშვილის სახ. თბილისის სახელმწ. უნ-ტი; ჰუმანიტარულ მეცნიერებათა ფაკ-ტი, საქ. ისტორიის ინ-ტი. |
||
| 264 |
_aთბილისი : _bმერიდიანი, _c2017. |
||
| 300 |
_a308 გვ. : _bსურ., ტაბ. ; _c24 სმ. |
||
| 504 | _aბიბლიოგრ. ტექსტის შენიშვნებში. | ||
| 520 | _aრეზიუმე ინგლ. ენაზე. | ||
| 653 | _aკოლხეთის ისტორია | ||
| 653 | _aსაქართველოს ახალი ისტორია | ||
| 710 |
_aივანე ჯავახიშვილის სახ. თბილისის სახელმწ. უნ-ტი. _bჰუმანიტარულ მეცნიერებათა ფაკ-ტი. საქ. ისტორიის ინ-ტი. _918199 |
||
| 942 |
_2udc _cBK |
||